000 00598nam a2200229Ia 4500
003 OSt
005 20221005065918.0
006 a|||||r|||| 00| 0
007 ta
008 221004b |||||||| |||| 00| 0 san d
024 _a35992
037 _cTextual
040 _aCRL
_cCRL
_bsan
041 _2san
_asan
082 _aR65:6, 15G8
245 0 _aSrimadbhagavatgita edited by Shambujanugajanan Sharma
260 _aMumbai
_bGujarati Printing Press
_c1938
300 _a440p.
_ccm.
650 _aPHILOSOPHY
942 _hR65:6, 15G8
_cTEXL
_2cc
999 _c975420
_d975420